Giảng dạy khoa học phòng thí nghiệm
সংরক্ষণ করুন:
| প্রধান লেখক: | |
|---|---|
| বিন্যাস: | গ্রন্থ |
| ভাষা: | Undetermined |
| প্রকাশিত: |
Sài Gòn
Trung Tâm Học liệu
1974
|
| বিষয়গুলি: | |
| ট্যাগগুলো: |
ট্যাগ যুক্ত করুন
কোনো ট্যাগ নেই, প্রথমজন হিসাবে ট্যাগ করুন!
|
| Thư viện lưu trữ: | Trung tâm Học liệu Trường Đại học Cần Thơ |
|---|
| LEADER | 00534nam a2200181Ia 4500 | ||
|---|---|---|---|
| 001 | CTU_23612 | ||
| 008 | 210402s9999 xx 000 0 und d | ||
| 082 | |a 371.38 | ||
| 082 | |b Ch300 | ||
| 100 | |a Bùi Phượng Chí | ||
| 245 | 0 | |a Giảng dạy khoa học phòng thí nghiệm | |
| 245 | 0 | |c Bùi Phượng Chí | |
| 260 | |a Sài Gòn | ||
| 260 | |b Trung Tâm Học liệu | ||
| 260 | |c 1974 | ||
| 650 | |a laboratory school | ||
| 904 | |i Liên, 980428 | ||
| 980 | |a Trung tâm Học liệu Trường Đại học Cần Thơ | ||